00908nam a2200265 u 4500001001000000003000900010005001700019008004100036020001500077040002500092082001700117100003500134240004500169245008600214260004100300300002800341490000700369500009500376650003500471650003900506700003900545830002700584942001400611999001700625000046598DO-SdBNP20240226141827.0170124s1986 sp a r 000 0 spa d a8476348207 aDO-SdBNPbspacBNPHU a843.8bV531v1 aVerne, Julio,d1828-19059107310aVoyage au centre de la terre.lEspañol10aViaje al centro de la tierra /cJulio Verne ; traducción A. Ribot y Fontseré. aBarcelona :bEdiciones Orbis,c1986. a256 p. :bil. ;c20 cm.1 v11 aTraducción de: Voyage au centre de la terre. Grabados de la edición original de Hetzel 4aNovela juvenil francesa974576 4aLiteratura juvenil francesa97457712aRibot y Fontseré, Antonio974578 0aJulio Vernev11974579 2ddccLBS1 c46087d46087